| 000 | 00579nam a22002057a 4500 | ||
|---|---|---|---|
| 999 |
_c152918 _d152918 |
||
| 005 | 20220211114652.0 | ||
| 010 | _aENG-123273 | ||
| 020 |
_a9789352533374 _c325.00 |
||
| 035 | _aEN-106805 | ||
| 037 | _bDBAD/PUB | ||
| 082 | _a330.1 | ||
| 100 | _aLokanathan, V | ||
| 245 |
_aA History Of Economic Thought/ _cby V Lokanathan |
||
| 250 | _a10th ed | ||
| 260 |
_aNew Delhi _bS. Chand Publishing _c2017 |
||
| 270 |
_aRam Nagar, _bNew Delhi _e110055 |
||
| 300 |
_a382p. _c22cm(pbk) |
||
| 500 | _aFor BA/MA students of economics | ||
| 942 |
_2ddc _cEN _mLOK _h330.1 |
||